| 000 | 01175cam a2200325 a 4500 | ||
|---|---|---|---|
| 005 | 20260322212049.0 | ||
| 008 | data | ||
| 010 |
_a 92205875 _z 90036049 |
||
| 020 | _a0446392332 (cassette pkg.) | ||
| 020 | _a0446392863 (CD pkg.) | ||
| 020 | _a9780446392334 (cassette pkg.) | ||
| 020 | _a9780446392860 (CD pkg.) | ||
| 040 |
_aDLC _cDLC _dDLC |
||
| 043 | _an-us--- | ||
| 050 | 0 | 0 |
_aML419.J7 _bL57 1990 |
| 082 | 0 | 0 |
_aB _aB _220 |
| 092 | _a781.64 L57 1990 | ||
| 245 | 0 | 0 |
_aListen up : _bthe lives of Quincy Jones / _cedited by Courtney Ross, Nelson George & Frankfurt Gips Balkind (Firm). |
| 260 |
_aNew York : _bWarner Books, _cc1990. |
||
| 300 |
_a191 p. : _bchiefly ill. (some col.) ; _c29 cm. + _e1 sound disc (digital ; 4 3/4 in.) + 1 poster (col. ; 84 x 58 cm.) |
||
| 500 | _a"Based on the Warner Bros. motion picture Listen up, the lives of Quincy Jones"--P. facing t.p. | ||
| 500 | _aIncludes index. | ||
| 600 | 1 | 0 |
_aJones, Quincy, _d1933- |
| 650 | 0 |
_aJazz musicians _vPortraits. _zUnited States |
|
| 700 | 1 | _aRoss, Courtney. | |
| 700 | 1 | _aGeorge, Nelson. | |
| 710 | 2 | _aFrankfurt Gips Balkind (Firm) | |
| 730 | 0 | _aListen up (Motion picture) | |
| 001 | data | ||
| 999 |
_c1159 _d1159 |
||